Quizzes
Events
Quiz Creation
Community
Videos
Private Events
Remove Ads
Sign In
Join for FREE
Feedback
Dark Mode
Quiz Categories
Sports
Geography
Music
Movies
Television
Just For Fun
Miscellaneous
History
Literature
Language
Science
Gaming
Entertainment
Religion
Holiday
For Kids
Quiz Lab
Recent
Popular Today
Quiz Kudos Today
Editor Picks
Curator Picks
Quizzes by...
Day
Popularity
Type
Ratings
Length
Year
Community
Subscriptions
Recent Discussions
Orange Saloon
Badges
Playlists
Quests
Create
Leaderboards
Showdown
Live 5
Trivia Bingo
Activity
Puzzle Library
Sporcle Events
Private Events
Virtual Trivia
Globe League
Become a Host
Pub Owners
SporcleCon
Opinionation
Our Games
Videos
Blog
Mobile Apps
Partnerships
Remove Ads and Go Orange
Feedback
Sports
Athletes
MLB
NBA
NHL
NFL
Soccer
Sports Teams
WWE
NCAA
Football
Premier League
Basketball
Baseball
Hockey
Golf
Tennis
Cricket
Rugby
Auto Racing
Olympics
World Cup
Sports
Athletes
MLB
NBA
NHL
NFL
Soccer
Sports Teams
WWE
NCAA
Football
Premier League
Basketball
Baseball
Hockey
Golf
Tennis
Cricket
Rugby
Auto Racing
Olympics
World Cup
Random Quiz
Search Sporcle
×
Quiz Lab
Quiz Lab
Sports
University
Type in answers that appear in a list
Type in answers that appear in a list
Classic
Best Score? Go Orange.
Sporcle University (NCAA Pic) Stats
Can you name the NCAA D-I schools that spell 'Sporcle' here?
By
thegraypist
4m
21 Questions
405 Plays
405 Plays
405 Plays
Comments
Comments
Give Quiz Kudos
Give Quiz Kudos
-
- Ratings
hide this ad
Replay
Link that replays current quiz
Next Quiz
Link to next quiz in quiz playlist
You Got
0%
They Got
Avg Score
72%
Avg Friend Score
Upgrade to see
Score Distribution
Jump to the score distribution portion of the page
Score
0/21
Timer
04:00
0
Plays Today
Row
School
% Correct
Row 1
Oregon Ducks
98.8%
Row 1
Syracuse Orange
98.5%
Row 3
Purdue Boilermakers
97.5%
Row 1
Rutgers Scarlet Knights
97%
Row 3
Stanford Cardinal
96.5%
Row 3
Cincinnati Bearcats
95.8%
Row 2
Oklahoma State Cowboys
92.3%
Row 1
Princeton Tigers
88.6%
Row 2
Rice Owls
85.9%
Row 2
Penn Quakers
85.2%
Row 3
Ohio State Buckeyes
85.2%
Row
School
% Correct
Row 1
Louisville Cardinals
82.5%
Row 2
Central Michigan Chippewas
82%
Row 1
Eastern Michigan Eagles
74.8%
Row 1
Cornell Big Red
68.1%
Row 2
Lehigh Mountain Hawks
65.2%
Row 3
Elon Phoenix
48.1%
Row 2
Stetson Hatters
29.4%
Row 3
Lafayette Leopards
26.9%
Row 3
Rider Broncs
15.3%
Row 2
Eastern Kentucky Colonels
12.6%
Quiz Playlist
Details
Report
Send in Message
Add To Playlist
Classic:
Type in answers that appear in a list
Quiz Source
Last Updated: Feb 16, 2017
Quiz Scoreboard
CHALLENGE
Sign Up to Join the Scoreboard
Show All
Scores
Hide
Comments
May contain spoilers
Recently Published
An Introduction to Baseball
by treessimontrees
Sports
5m
Movies - When Are They Set?
by FPL_Elf
Movies
5m
Popular People in 1961
by mucciniale
History
6m
More to Explore
Quiz From the Vault
Featured Blog Post
Where Did the Easter Bunny Come From?
hide this ad
You Might Also Like...
Tags
NCAA Quiz
Sporcle Quiz
University Quiz
D-I
Here
school
Today's Top Quizzes in Sports
Browse Sports
hide this ad
Today's Top Quizzes in University
Browse University
Top Contributed Quizzes in Sports
1
Les meilleurs buteurs des matchs entre le PSG et l’OM
2
2022 World Cup Stars
3
FIFA Club World Cup Champions
4
Les entraîneurs de l'OM et du PSG au 21e siècle
5
Name the Premier League winners with different clubs
6
La finale Lions - Afrique du Sud 2021
7
England Test cricketers to play under Nasser Hussain
8
5-to-1: UK Sports Teams
9
Les joueurs passés par le LOSC et le RC Lens
10
Criteria MLB: Left Handed Sluggers
Explore More
Trending Topics
Harry Potter
Marvel
Kpop
Crossword
NBA
Disney
Anime
The Office
WWE
Song
Soccer
Puzzle
Pokémon
NFL
Country
hide this ad
More By:
thegraypist
Quiz
Plays
Rating
Category
Featured
Created
Big 4 Sports Teams by Retro Logo (Pic)
7,839
3.95
Sports
Mar 6, 2010
NBA player by his Nike shoe logo (Pic)
5,821
3.27
Sports
Oct 31, 2012
Renamed Sports Team Logos, Big 4 (Pic)
4,348
4.11
Sports
Mar 7, 2010
Are You a Chicagoan?
3,029
2.47
Geography
Feb 10, 2010
World City Silhouettes
2,515
4.36
Geography
May 27, 2013
Go to Creator's Profile
Score Distribution
Quiz Creator Spotlight
thegraypist
Follow
Send a Message
Quizzes Created
-
Created Quiz Play Count
-
More By This Creator
Popular Quizzes Today
1
Find the Countries of Europe - No Outlines Minefield
2
Find the US States - No Outlines Minefield
3
The Countries of the World
4
Popular People in 1961
5
Find the US States
6
US States
7
1-10 Letter E Words III
8
Risky Map Clicking: Biggest States A-Z
More Sports Quizzes
Royal Rumble Longest Cumulative Time
Curator's Pick
Trending Quizzes
Risky Map Clicking: Least Populous States A-Z
1-10 Letter F Words
1-10 Letter G Words
Not Quite an Element Typing Challenge
One Thing in Common: United Kingdom
Recently Updated
Leaping Animals
pecheneg
Reality TV Shows (A-Z)
bhenderson79
Rickey Henderson's Hall of Fame Teammates
pecheneg
Champions League XIs: Arsenal
pecheneg
Quick Pick: Celebrities in WWE's Hall of Fame
aduchscher
A-Z Keypad Blitz II
pecheneg
Multiple Oscar Actors
pecheneg
Mystery Phrase Blitz: Oscar 'Best Actors'
pecheneg
F. Scott Fitzgerald Novels
LTH
Pick 3 Villains
ddd62291
Trending Topics
Anime
Disney
Marvel
Harry Potter
Crossword
NBA
Kpop
Puzzle
NFL
Song
Soccer
The Office
Pokémon
Country
WWE
Your Account Isn't Verified!
In order to create a playlist on Sporcle, you need to verify the email address you used during registration. Go to your
Sporcle Settings
to finish the process.
Report this User
Report this user for behavior that violates our
Community Guidelines
.
Details:
Send Report
Go to the Sporcle.com Mobile Site →
Comments